Every Stanley Cup Winner, Ever (Hard Vers.) - Statistics

General Stats
  • This quiz has been taken 178 times
    44 since last reset
  • The average score is 76 of 139
Answer Stats
Hint Answer % Correct
2015 Chicago Blackhawks
95%
2013 Chicago Blackhawks
95%
2010 Chicago Blackhawks
95%
2025 Florida Panthers
95%
2024 Florida Panthers
95%
2014 Los Angeles Kings
95%
2012 Los Angeles Kings
95%
2017 Pittsburgh Penguins
95%
2009 Pittsburgh Penguins
95%
2021 Tampa Bay Lightning
95%
2020 Tampa Bay Lightning
95%
2023 Vegas Golden Knights
95%
2018 Washington Capitals
95%
2011 Boston Bruins
89%
2022 Colorado Avalanche
89%
2008 Detroit Red Wings
89%
2016 Pittsburgh Penguins
89%
2019 St. Louis Blues
89%
2007 Anaheim Ducks
84%
1999 Dallas Stars
79%
2002 Detroit Red Wings
79%
1998 Detroit Red Wings
79%
2003 New Jersey Devils
79%
1989 Calgary Flames
74%
2006 Carolina Hurricanes
74%
1997 Detroit Red Wings
74%
1988 Edmonton Oilers
74%
1987 Edmonton Oilers
74%
1985 Edmonton Oilers
74%
1984 Edmonton Oilers
74%
1993 Montreal Canadiens
74%
1986 Montreal Canadiens
74%
2000 New Jersey Devils
74%
1995 New Jersey Devils
74%
1983 New York Islanders
74%
1982 New York Islanders
74%
1981 New York Islanders
74%
1980 New York Islanders
74%
1994 New York Rangers
74%
1967 Toronto Maple Leafs
74%
1934 Chicago Black hawks
68%
2001 Colorado Avalanche
68%
1996 Colorado Avalanche
68%
1990 Edmonton Oilers
68%
1979 Montreal Canadiens
68%
1971 Montreal Canadiens
68%
1966 Montreal Canadiens
68%
1965 Montreal Canadiens
68%
1975 Philadelphia Flyers
68%
1974 Philadelphia Flyers
68%
2004 Tampa Bay Lightning
68%
1964 Toronto Maple Leafs
68%
1963 Toronto Maple Leafs
68%
1962 Toronto Maple Leafs
68%
1972 Boston Bruins
63%
1970 Boston Bruins
63%
1941 Boston Bruins
63%
1939 Boston Bruins
63%
1961 Chicago Black hawks
63%
1938 Chicago Black hawks
63%
1955 Detroit Red Wings
63%
1954 Detroit Red Wings
63%
1952 Detroit Red Wings
63%
1950 Detroit Red Wings
63%
1943 Detroit Red Wings
63%
1937 Detroit Red Wings
63%
1936 Detroit Red Wings
63%
1978 Montreal Canadiens
63%
1977 Montreal Canadiens
63%
1976 Montreal Canadiens
63%
1973 Montreal Canadiens
63%
1969 Montreal Canadiens
63%
1968 Montreal Canadiens
63%
1960 Montreal Canadiens
63%
1959 Montreal Canadiens
63%
1958 Montreal Canadiens
63%
1957 Montreal Canadiens
63%
1956 Montreal Canadiens
63%
1953 Montreal Canadiens
63%
1946 Montreal Canadiens
63%
1944 Montreal Canadiens
63%
1992 Pittsburgh Penguins
63%
1991 Pittsburgh Penguins
63%
1951 Toronto Maple Leafs
63%
1949 Toronto Maple Leafs
63%
1948 Toronto Maple Leafs
63%
1947 Toronto Maple Leafs
63%
1942 Toronto Maple Leafs
63%
1929 Boston Bruins
58%
1931 Montreal Canadiens
58%
1940 New York Rangers
58%
1945 Toronto Maple Leafs
58%
1932 Toronto Maple Leafs
58%
1930 Montreal Canadiens
53%
1935 Montreal Maroons
53%
1933 New York Rangers
53%
1927 Ottawa Senators
53%
1928 New York Rangers
47%
1924 Montreal Canadiens
42%
1926 Montreal Maroons
42%
1923 Ottawa Senators
42%
1921 Ottawa Senators
42%
1920 Ottawa Senators
42%
1916 Montreal Canadiens
37%
1911 Ottawa Hockey Club (Senators)
32%
1910*** Ottawa Hockey Club (Senators)
26%
1909 Ottawa Hockey Club (Senators)
26%
1917 Seattle Metropolitans
26%
1915 Vancouver Millionaires
26%
1925** Victoria Cougars
26%
1918 Toronto Arenas
21%
1922 Toronto St. Patricks
21%
1907 Kenora Thistles
16%
1913 Quebec Bulldogs
16%
1912 Quebec Bulldogs
16%
1894 Montreal Hockey Club (AAA Winged Wheelers)
11%
1893 Montreal Hockey Club (AAA Winged Wheelers)
11%
1910 Montreal Wanderers
11%
1908 Montreal Wanderers
11%
1907 Montreal Wanderers
11%
1906 Montreal Wanderers
11%
1914 Toronto Hockey Club (Blueshirts)
11%
1903 Montreal Hockey Club (AAA Winged Wheelers)
5%
1902 Montreal Hockey Club (AAA Winged Wheelers)
5%
1895 Montreal Hockey Club (AAA Winged Wheelers)
5%
1900 Montreal Shamrocks
5%
1899 Montreal Shamrocks
5%
1899 Montreal Victorias
5%
1898 Montreal Victorias
5%
1897 Montreal Victorias
5%
1896 Montreal Victorias
5%
1895 Montreal Victorias
5%
1906 Ottawa Hockey Club (Silver Sevens)
5%
1905 Ottawa Hockey Club (Silver Sevens)
5%
1904 Ottawa Hockey Club (Silver Sevens)
5%
1903 Ottawa Hockey Club (Silver Sevens)
5%
1902 Winnipeg Victorias
5%
1901 Winnipeg Victorias
5%
1896 Winnipeg Victorias
5%
No matching quizzes found
Score Distribution
Percent of People with Each Score
Percentile by Number Answered
Your Score History
You have not taken this quiz since the last reset